LEADER 02475nam a2200397 u 4500 001 000000066211 003 CaOOAMICUS 005 20120127123914.0 008 020109s2001 it abcd u000 u ita u 020 $a88-213-0486-8 035 $a10915726 040 $aBAV$bita 082 04$a271.79 110 2 $aIstituto storico salesiano (Roma).$bConvegno internazionale di Storia dell'opera salesiana$n(3 :$d2000 :$cRoma).$0(OLS)http://pul/name/44417 245 12$aL'opera salesiana dal 1880 al 1922 :$bsignificativitą e portata sociale : atti del Convegno internazionale di Storia dell'opera salesiana, Roma, 31 ottobre - 5 novembre 2000 /$ca cura di Francesco Motto. 260 $aRoma :$bLAS,$cc2001. 300 $a3 v.$bill. (color.), ritr. (color.), diagr., prosp., piante, c. geogr.$c24 cm 490 1 $aStudi / Istituto storico salesiano ;$v16-18 504 $aComprende indicazioni bibliografiche. 505 0 $aV. I. Contesti, quadri generali, interpretazioni -- v. II. Esperienze particolari in Europa, Africa, Asia -- v. III. Esperienze particolari in America Latina. 610 24$aSalesiani$xCongressi.$0(OLS)http://pul/subject/24161 610 24$aSalesiani$xStoria.$0(OLS)http://pul/subject/21911 700 1 $aMotto, Francesco,$cS.D.B.$0(OLS)http://pul/name/39054 830 0$aStudi (Istituto storico salesiano) ;$v16-18.$0(OLS)http://pul/title/58222 850 $aPUL 852 $aPUL$W1$xSL Religione 3$y85$m271. 79 MOTFR 1$j121306$nBK-PRI$qDDC 21$B85594$CPULBib$Z2$F85594 $H87068 $82 852 $aPUL$W1$xSL Religione 3$y85$m271. 79 MOTFR 3$j142693$nBK-PRI$qDDC 21$B85596$CPULBib$Z2$F85596 $H87070 $82 852 $aPUL$W1$xSL Religione 3$y85$m271. 79 MOTFR 2$j142692$nBK-PRI$qDDC 21$B85595$CPULBib$Z2$F85595 $H87069 $82 852 $aPUL$W1$xDP2 Religione 3$y114$m271. 79 MOTFR 2$j142692$av. 2, 2. copia$qDDC 21$B145963$CPULBib$Z2$F145963 $H87069 $82 941 1 $a9 996 $6020$a88-213-0486-8$9(OLS)http://pul/number/85888 996 $6082$a271.79$9(OLS)http://pul/classification/1703 996 $6245$aL'opera salesiana dal 1880 al 1922 :$bsignificativitą e portata sociale : atti del Convegno internazionale di Storia dell'opera salesiana, Roma, 31 ottobre - 5 novembre 2000$9(OLS)http://pul/title/87952 996 $6260$aRoma :$bLAS$9(OLS)http://pul/publisher/48069 LEADER 01193nam a2200301 u 4500 001 000000068619 003 CaOOAMICUS 005 20070226121822.0 008 020313s1969 it u000 u ita u 035 $a10923816 040 $aPUL(R)$bita 100 1 $aProcacci, Giuliano,$d1926-$0(OLS)http://pul/name/35626 245 10$aStoria degli italiani /$cGiuliano Procacci. 250 $a3. ed. 260 $aBari :$bLaterza,$c1969. 300 $a2 v. ;$c18 cm 490 1 $aUniversale Laterza ;$v93-94 500 $aInclude indici. 651 4$aItalia$xStoria.$0(OLS)http://pul/subject/4417 830 0$aUniversale Laterza ;$v93-94.$0(OLS)http://pul/title/569 850 $aPUL 852 $aPUL$W1$xSL Filosofia 1$y2$m118 I 3-4$j88732$nBK-PRI$b $qStampati$B88732$CPULBib$Z2$F88732 $H $81 852 $aPUL$W1$xSL Filosofia 1$y2$m118 I 3-4$j88732$nBK-PRI$b $qStampati$B88733$CPULBib$Z2$F88733 $H $81 941 1 $a8 961 $aINV: 31001; 31002. 961 $aINV: 31001; 31002. 996 $6245$aStoria degli italiani$9(OLS)http://pul/title/14283 996 $6260$aBari :$bLaterza$9(OLS)http://pul/publisher/47895